Teachers Guide for Surprises (Record no. 2400)

MARC details
000 -LEADER
fixed length control field 00319nam a22001097a 4500
008 - FIXED-LENGTH DATA ELEMENTS--GENERAL INFORMATION
fixed length control field 160713b xxu||||| |||| 00| 0 eng d
100 ## - MAIN ENTRY--PERSONAL NAME
9 (RLIN) 2779
Personal name Teachers Guide for Surprises
245 ## - TITLE STATEMENT
Title Teachers Guide for Surprises
260 ## - PUBLICATION, DISTRIBUTION, ETC. (IMPRINT)
Place of publication, distribution, etc. Boston
Name of publisher, distributor, etc. Houghton Mifflin
Date of publication, distribution, etc. 1979
300 ## - PHYSICAL DESCRIPTION
Extent Teachers Guide for Surprises
942 ## - ADDED ENTRY ELEMENTS (KOHA)
Source of classification or shelving scheme Dewey Decimal Classification
Koha item type BOOK
Holdings
Withdrawn status Lost status Source of classification or shelving scheme Damaged status Not for loan Home library Current library Shelving location Date acquired Total Checkouts Full call number Barcode Date last seen Price effective from Koha item type
    Dewey Decimal Classification     Good Samaritan School Library Good Samaritan School Library   07/13/2016   470 DUR4004 07/13/2016 07/13/2016 BOOK

Powered by Koha